[Event "Tenerife-chT Preferente"]
[Site "Tenerife"]
[Date "2021.02.27"]
[Round "1.2"]
[White "Mendoza Contreras, Lucas Eduardo"]
[Black "Rodriguez Redondo, Adhara"]
[Result "0-1"]
[WhiteElo "2060"]
[BlackElo "2134"]
[PlyCount "76"]
[EventDate "2021.02.27"]
[EventType "team-tourn"]
[EventRounds "14"]
[EventCountry "ESP"]
[SourceTitle "EXT 2023"]
[Source "ChessBase"]
[SourceDate "2022.10.05"]
[SourceVersion "1"]
[SourceVersionDate "2022.10.05"]
[SourceQuality "1"]
[WhiteTeam "Canarias 64"]
[BlackTeam "Fundacion La Caja de Canarias"]
[WhiteTeamCountry "ESP"]
[BlackTeamCountry "ESP"]

1. d4 d5 2. Bf4 Nf6 3. e3 e6 4. Nd2 Bd6 5. Bg3 0-0 6. Bd3 c5 7. c3 Nc6 8. f4 Ne7 9. Bh4 Nf5 10. Bxf6 Qxf6 11. Qf3 cxd4 12. cxd4 Nxd4 13. exd4 Qxd4 14. 0-0-0 Bxf4 15. Ne2 Qc5+ 16. Kb1 Bh6 17. Nb3 Qb6 18. h4 a5 19. g4 Be3 20. Nbd4 Bxd4 21. Nxd4 f5 22. Bxf5 exf5 23. Qxd5+ Kh8 24. gxf5 a4 25. Rhf1 Ra5 26. Qe4 a3 27. Qc2 Rd5 28. Qb3 Qxb3 29. axb3 Rfd8 30. Rf4 Bxf5+ 31. Ka2 axb2 32. Kxb2 g6 33. Kc3 Kg8 34. Rg1 Kf7 35. h5 Kf6 36. hxg6 hxg6 37. Kc4 Ke5 38. Ne2 Bd3+ 0-1

[Event "Santa Cruz de Tenerife Autumn op"]
[Site "Santa Cruz de Tenerife"]
[Date "2019.11.06"]
[Round "8"]
[White "Sanchez Martin, Jacobo"]
[Black "Mendoza Contreras, Lucas Eduardo"]
[Result "0-1"]
[WhiteElo "1740"]
[BlackElo "2068"]
[PlyCount "84"]
[EventDate "2019.10.16"]
[EventType "swiss"]
[EventRounds "9"]
[EventCountry "ESP"]
[SourceTitle "CBM 192 Extra"]
[Source "Chessbase"]
[SourceDate "2019.11.06"]
[SourceVersion "1"]
[SourceVersionDate "2019.11.06"]
[SourceQuality "1"]

1. e4 c5 2. Nf3 d6 3. c3 Nf6 4. Qc2 Nc6 5. d4 cxd4 6. Nxd4 Bd7 7. Bd3 Rc8 8. Be3 Nb4 9. Qd2 Nxd3+ 10. Qxd3 a6 11. Nd2 e5 12. N4f3 Ng4 13. b3 Nxe3 14. Qxe3 Be7 15. 0-0 0-0 16. c4 f5 17. exf5 Bxf5 18. Rad1 b5 19. cxb5 axb5 20. Ne4 Bg4 21. Ned2 Qa5 22. Qe4 Rf4 23. Qd5+ Kf8 24. h3 Bh5 25. Rc1 Re8 26. Rc4 Rxf3 27. Nxf3 Bf7 28. Qe4 bxc4 29. Qxh7 cxb3 30. axb3 Bf6 31. Nh2 Be6 32. f4 exf4 33. Rxf4 Qe5 34. Rf1 Bg8 35. Qg6 Qe4 36. Qg3 Qe3+ 37. Qxe3 Rxe3 38. Ng4 Rxb3 39. Nxf6 gxf6 40. Rxf6+ Ke7 41. Rf1 Bd5 42. g4 Rb2 0-1

[Event "Santa Cruz de Tenerife Autumn op"]
[Site "Santa Cruz de Tenerife"]
[Date "2019.11.04"]
[Round "7"]
[White "Mendoza Contreras, Lucas Eduardo"]
[Black "Rizoev, Rifat"]
[Result "1-0"]
[WhiteElo "2068"]
[BlackElo "1616"]
[PlyCount "63"]
[EventDate "2019.10.16"]
[EventType "swiss"]
[EventRounds "9"]
[EventCountry "ESP"]
[SourceTitle "CBM 192 Extra"]
[Source "Chessbase"]
[SourceDate "2019.11.06"]
[SourceVersion "1"]
[SourceVersionDate "2019.11.06"]
[SourceQuality "1"]

1. d4 Nf6 2. Nf3 e6 3. Bf4 d5 4. e3 Bd6 5. Bg3 0-0 6. Nbd2 c5 7. c3 Nc6 8. Bd3 h6 9. Ne5 cxd4 10. exd4 Qe7 11. f4 Qc7 12. 0-0 a6 13. Qe2 Ne7 14. Bh4 Nd7 15. Bxe7 Bxe7 16. Ndf3 Nf6 17. g4 g6 18. Kh1 Kg7 19. Rg1 Nh7 20. h4 Qd8 21. g5 h5 22. Bxg6 fxg6 23. Nxg6 Kxg6 24. Ne5+ Kg7 25. Qxh5 Rxf4 26. Raf1 Qf8 27. Qg6+ Kh8 28. Rxf4 Qg7 29. Nf7+ Kg8 30. Nh6+ Kh8 31. Qe8+ Nf8 32. Rgf1 1-0

[Event "Santa Cruz de Tenerife Autumn op"]
[Site "Santa Cruz de Tenerife"]
[Date "2019.10.23"]
[Round "4"]
[White "Mendoza Contreras, Lucas Eduardo"]
[Black "Remon Garcia, Jose Domingo"]
[Result "1/2-1/2"]
[WhiteElo "2068"]
[BlackElo "1893"]
[PlyCount "68"]
[EventDate "2019.10.16"]
[EventType "swiss"]
[EventRounds "9"]
[EventCountry "ESP"]
[SourceTitle "CBM 192 Extra"]
[Source "Chessbase"]
[SourceDate "2019.11.06"]
[SourceVersion "1"]
[SourceVersionDate "2019.11.06"]
[SourceQuality "1"]

1. d4 Nf6 2. c4 g6 3. Nc3 Bg7 4. e4 d6 5. f3 0-0 6. Be3 Nbd7 7. Qd2 c5 8. d5 a6 9. Bh6 Rb8 10. Bxg7 Kxg7 11. Bd3 Qa5 12. a4 Ne5 13. f4 Nxd3+ 14. Qxd3 b5 15. cxb5 axb5 16. Nf3 Ba6 17. e5 b4 18. exf6+ exf6 19. Qd2 bxc3 20. Qxc3 Qxc3+ 21. bxc3 Rfe8+ 22. Kf2 Rb2+ 23. Kg3 Ree2 24. Rhg1 Rec2 25. Rab1 Bb7 26. Rxb2 Rxb2 27. c4 Rb4 28. Rc1 Rxa4 29. Rb1 Ba6 30. Rb6 Bxc4 31. Rxd6 Ba2 32. Rc6 Bxd5 33. Rxc5 Bxf3 34. Kxf3 Ra3+ 1/2-1/2

[Event "Tenerife Verano op"]
[Site "Tenerife"]
[Date "2019.07.29"]
[Round "1"]
[White "Mendoza Contreras, Lucas Eduardo"]
[Black "Marrero Hernandez, Roberto Javier"]
[Result "1-0"]
[WhiteElo "2079"]
[BlackElo "1481"]
[PlyCount "52"]
[EventDate "2019.07.29"]
[EventType "swiss"]
[EventRounds "9"]
[EventCountry "ESP"]
[SourceTitle "EXT 2020"]
[Source "ChessBase"]
[SourceDate "2019.10.17"]
[SourceVersion "1"]
[SourceVersionDate "2019.10.17"]
[SourceQuality "1"]

1. d4 d5 2. c4 e6 3. Nf3 Nf6 4. g3 Be7 5. Bg2 0-0 6. 0-0 dxc4 7. Qa4 Bd7 8. Qxc4 Bc6 9. Nc3 Nbd7 10. Qd3 Nb6 11. e4 Re8 12. Ne5 Qd6 13. Bf4 Qb4 14. a3 Qa5 15. b4 Bxb4 16. axb4 Qxb4 17. Nxc6 bxc6 18. Bxc7 Nbd7 19. Rfb1 Qe7 20. e5 Nd5 21. Nxd5 cxd5 22. Bd6 Qd8 23. Rb7 Nb6 24. Qf3 f5 25. Qh5 Nd7 26. Bf1 a6 1-0

[Event "Tenerife-chT Preferente 1819"]
[Site "Tenerife"]
[Date "2019.03.23"]
[Round "11.2"]
[White "Mendoza Contreras, Lucas Eduardo"]
[Black "Mendivil Anton, Daniel"]
[Result "0-1"]
[WhiteElo "2106"]
[BlackElo "2207"]
[PlyCount "66"]
[EventDate "2018.11.24"]
[EventType "team-tourn"]
[EventRounds "14"]
[EventCountry "ESP"]
[SourceTitle "CBM 189 Extra"]
[Source "ChessBase"]
[SourceDate "2019.06.03"]
[SourceVersion "1"]
[SourceVersionDate "2019.06.03"]
[SourceQuality "1"]
[WhiteTeam "Canarias 64"]
[BlackTeam "Al Shah Mat Los Realejos"]
[WhiteTeamCountry "ESP"]
[BlackTeamCountry "ESP"]

1. d4 f5 2. c4 Nf6 3. Nc3 d6 4. Nf3 g6 5. g3 Bg7 6. Bg2 0-0 7. 0-0 c6 8. d5 e5 9. dxe6 Bxe6 10. b3 Na6 11. Bb2 Qe7 12. Nd4 Bf7 13. Qc2 Rad8 14. Rad1 Rd7 15. Rfe1 Nc5 16. b4 Nce4 17. Nxe4 Nxe4 18. f3 Nf6 19. e4 fxe4 20. fxe4 Rdd8 21. Nf3 Nd7 22. Bxg7 Kxg7 23. Qc3+ Kg8 24. a3 Nb6 25. e5 Bxc4 26. Rxd6 Rxd6 27. exd6 Qxd6 28. Ng5 Rd8 29. Ne4 Qd4+ 30. Qxd4 Rxd4 31. Nc5 Bd5 32. Re7 Rd1+ 33. Kf2 Rd2+ 0-1

[Event "Tenerife-chT Preferente 1819"]
[Site "Tenerife"]
[Date "2018.12.01"]
[Round "2.1"]
[White "Mendoza Contreras, Lucas Eduardo"]
[Black "Rodriguez Torres, Cristo"]
[Result "1/2-1/2"]
[WhiteElo "2106"]
[BlackElo "1788"]
[PlyCount "80"]
[EventDate "2018.11.24"]
[EventType "team-tourn"]
[EventRounds "14"]
[EventCountry "ESP"]
[SourceTitle "CBM 189 Extra"]
[Source "ChessBase"]
[SourceDate "2019.06.03"]
[SourceVersion "1"]
[SourceVersionDate "2019.06.03"]
[SourceQuality "1"]
[WhiteTeam "Canarias 64"]
[BlackTeam "Circulo de Amistad"]
[WhiteTeamCountry "ESP"]
[BlackTeamCountry "ESP"]

1. e4 e5 2. Nf3 Nc6 3. d4 exd4 4. Nxd4 Qh4 5. Nc3 Bb4 6. Qd3 Nf6 7. Bd2 Bxc3 8. Bxc3 Qxe4+ 9. Be2 Qxd3 10. Bxd3 Nd5 11. Nxc6 Nxc3 12. Nxa7 Rxa7 13. bxc3 d6 14. Kd2 Be6 15. Rhb1 Kd7 16. c4 h6 17. f4 f6 18. f5 Bf7 19. Re1 Rha8 20. Re4 Ra5 21. Rg4 Rg8 22. Rb1 b6 23. Re1 Re5 24. Re3 Ke7 25. Reg3 Kf8 26. Kc3 Be8 27. Be4 Bd7 28. Rf4 c6 29. Rgf3 Ke7 30. g4 Ra8 31. Bd3 d5 32. cxd5 cxd5 33. Rb4 b5 34. Kb2 Ra5 35. h4 Kd6 36. g5 hxg5 37. hxg5 Ra4 38. Rxa4 bxa4 39. gxf6 gxf6 40. Kc3 Kc5 1/2-1/2

[Event "Santa Cruz de Tenerife March 18 op"]
[Site "Santa Cruz de Tenerife"]
[Date "2018.03.19"]
[Round "7"]
[White "Gil Ojeda, Jorge"]
[Black "Mendoza Contreras, Lucas Eduardo"]
[Result "1-0"]
[WhiteElo "1859"]
[BlackElo "2132"]
[PlyCount "51"]
[EventDate "2018.03.05"]
[EventType "swiss"]
[EventRounds "9"]
[EventCountry "ESP"]
[SourceTitle "CBM 183 Extra"]
[Source "ChessBase"]
[SourceDate "2018.04.19"]
[SourceVersion "1"]
[SourceVersionDate "2018.04.19"]
[SourceQuality "1"]

1. e4 c5 2. Nf3 d6 3. d4 cxd4 4. Nxd4 Nf6 5. Nc3 g6 6. Be3 Bg7 7. f3 Nc6 8. Qd2 0-0 9. 0-0-0 d5 10. exd5 Nxd5 11. Nxc6 bxc6 12. Bd4 e5 13. Bc5 Re8 14. Ne4 Be6 15. h4 Rb8 16. g4 f5 17. gxf5 gxf5 18. Ng5 e4 19. Bd4 e3 20. Qg2 Nf4 21. Nxe6 Nxg2 22. Nxd8 e2 23. Bxe2 Rxe2 24. Bxg7 Kxg7 25. Nxc6 Rc8 26. Nd4 1-0

[Event "Tenerife-chT Preferente 1718"]
[Site "Tenerife"]
[Date "2018.03.10"]
[Round "12.1"]
[White "Mendoza Contreras, Lucas Eduardo"]
[Black "Mendivil Anton, Daniel"]
[Result "1/2-1/2"]
[WhiteElo "2133"]
[BlackElo "2232"]
[PlyCount "80"]
[EventDate "2017.11.11"]
[EventType "team-tourn"]
[EventRounds "14"]
[EventCountry "ESP"]
[SourceTitle "EXT 2019"]
[Source "ChessBase"]
[SourceDate "2018.10.10"]
[SourceVersion "1"]
[SourceVersionDate "2018.10.10"]
[SourceQuality "1"]
[WhiteTeam "Canarias 64"]
[BlackTeam "Al Shah Mat Los Realejos"]
[WhiteTeamCountry "ESP"]
[BlackTeamCountry "ESP"]

1. d4 c5 2. e3 Nf6 3. Nf3 e6 4. Bd3 b6 5. Nbd2 Bb7 6. Qe2 Be7 7. c3 Nc6 8. Ba6 Qc8 9. Bxb7 Qxb7 10. 0-0 0-0 11. a3 a5 12. a4 Rac8 13. Re1 Rfd8 14. Nc4 d5 15. Nce5 Bd6 16. h3 Bxe5 17. Nxe5 Nxe5 18. dxe5 Nd7 19. e4 d4 20. Bg5 Nxe5 21. Bxd8 Rxd8 22. cxd4 cxd4 23. Qb5 Nc6 24. Rac1 Nb4 25. Rc4 h6 26. Rxb4 axb4 27. a5 Rb8 28. a6 Qa7 29. Rd1 Rd8 30. f4 Kh7 31. Qxb4 Qxa6 32. Rxd4 Qa1+ 33. Kh2 Rc8 34. Qxb6 Qf1 35. e5 Rc2 36. Qb7 Qf2 37. Qe4+ g6 38. Rd3 Rxb2 39. Qf3 Qc2 40. Rc3 Qd2 1/2-1/2

[Event "Tenerife-chT Preferente 1718"]
[Site "Tenerife"]
[Date "2018.01.13"]
[Round "6.1"]
[White "Mendoza Contreras, Lucas Eduardo"]
[Black "Gonzalez Marrero, Jacob"]
[Result "0-1"]
[WhiteElo "2133"]
[BlackElo "2187"]
[PlyCount "42"]
[EventDate "2017.11.11"]
[EventType "team-tourn"]
[EventRounds "14"]
[EventCountry "ESP"]
[SourceTitle "EXT 2019"]
[Source "ChessBase"]
[SourceDate "2018.10.10"]
[SourceVersion "1"]
[SourceVersionDate "2018.10.10"]
[SourceQuality "1"]
[WhiteTeam "Canarias 64"]
[BlackTeam "Laguna Cotelec"]
[WhiteTeamCountry "ESP"]
[BlackTeamCountry "ESP"]

1. d4 Nf6 2. Nf3 e6 3. Bf4 c5 4. c3 b6 5. h3 Bb7 6. e3 Be7 7. Bd3 0-0 8. Nbd2 Nd5 9. Bh2 f5 10. Qe2 Nc6 11. a3 Rc8 12. e4 fxe4 13. Qxe4 Nf6 14. Qh4 cxd4 15. cxd4 Qe8 16. Be5 Nxe5 17. dxe5 Ne4 18. Qg4 h5 19. Nxe4 hxg4 20. hxg4 Rf4 21. Neg5 Bxg5 0-1

[Event "Santa Cruz de Tenerife Autumn op"]
[Site "Santa Cruz de Tenerife"]
[Date "2017.10.18"]
[Round "5"]
[White "Figueroa Pahissa, Tito Javier"]
[Black "Mendoza Contreras, Lucas Eduardo"]
[Result "0-1"]
[WhiteElo "1611"]
[BlackElo "2176"]
[PlyCount "80"]
[EventDate "2017.10.09"]
[EventType "swiss"]
[EventRounds "9"]
[EventCountry "ESP"]
[SourceTitle "CBM 181 Extra"]
[Source "ChessBase"]
[SourceDate "2017.12.12"]
[SourceVersion "1"]
[SourceVersionDate "2017.12.12"]
[SourceQuality "1"]

1. b3 e5 2. Bb2 d6 3. e3 Nc6 4. Bb5 Bd7 5. d3 Nf6 6. Ne2 g6 7. Bxc6 Bxc6 8. e4 Bg7 9. c4 0-0 10. Nbc3 Bd7 11. h3 c6 12. Qd2 Re8 13. 0-0 Qc7 14. Rad1 Rad8 15. f4 b5 16. fxe5 dxe5 17. Ng3 bxc4 18. bxc4 Rb8 19. Rb1 Qa5 20. Ba1 Be6 21. Rxb8 Rxb8 22. Rb1 Rxb1+ 23. Nxb1 Qb6+ 24. Kh2 Qxb1 25. Bxe5 Nxe4 26. Qf4 Nxg3 27. Qxg3 Bxe5 28. Qxe5 Qxd3 29. Qb8+ Kg7 30. Qe5+ Kh6 31. Qf4+ g5 32. Qf6+ Qg6 33. Qe7 Bxc4 34. Qxa7 Qd6+ 35. Kg1 Bd5 36. Qf2 Qf4 37. Qb2 Kg6 38. a3 Qe4 39. Qf2 c5 40. a4 c4 0-1

[Event "Canarias-chT"]
[Site "San Cristobal de La Laguna"]
[Date "2017.06.24"]
[Round "4.1"]
[White "Perez Garcia, Saul"]
[Black "Mendoza Contreras, Lucas Eduardo"]
[Result "0-1"]
[WhiteElo "1755"]
[BlackElo "2201"]
[PlyCount "150"]
[EventDate "2017.06.22"]
[EventType "team-swiss"]
[EventRounds "6"]
[EventCountry "ESP"]
[SourceTitle "EXT 2024"]
[Source "ChessBase"]
[SourceDate "2023.10.10"]
[SourceVersion "1"]
[SourceVersionDate "2023.10.10"]
[SourceQuality "1"]
[WhiteTeam "Ebano Casa Venezuela II"]
[BlackTeam "Canarias 64"]
[WhiteTeamCountry "ESP"]
[BlackTeamCountry "ESP"]

1. d4 Nf6 2. Bg5 e6 3. e4 h6 4. Bxf6 Qxf6 5. Nc3 d6 6. Qd2 g5 7. Bc4 c6 8. 0-0-0 Qf4 9. a4 Qxd2+ 10. Rxd2 d5 11. Bd3 Bb4 12. exd5 cxd5 13. Re2 Bxc3 14. bxc3 Bd7 15. a5 a6 16. c4 dxc4 17. Bxc4 Nc6 18. d5 Nxa5 19. dxe6 Nxc4 20. exd7+ Kxd7 21. Re4 b5 22. Nf3 Rhe8 23. Rd1+ Kc7 24. Rde1 Rxe4 25. Rxe4 Kd6 26. h4 f6 27. c3 Ne5 28. Nxe5 fxe5 29. hxg5 hxg5 30. Rg4 Rg8 31. Kc2 Ke6 32. Rb4 Rf8 33. f3 Rf4 34. Rb1 Ra4 35. Kd3 Kf5 36. g3 g4 37. Rf1 Kg5 38. Ke3 Ra3 39. Ke4 Rxc3 40. fxg4 Rc6 41. Kxe5 Rc5+ 42. Kd4 Rc4+ 43. Kd3 Ra4 44. Kc3 Kxg4 45. Rg1 a5 46. Kb3 Rc4 47. Rg2 a4+ 48. Ka3 Rc3+ 49. Ka2 Rb3 50. Rd2 Kxg3 51. Rd5 Kf3 52. Rh5 Ke4 53. Rh4+ Kd5 54. Rh5+ Kc4 55. Rh4+ Kc5 56. Rh5+ Kb4 57. Rh4+ Ka5 58. Rh5 Rc3 59. Kb2 Rc6 60. Ka3 Rc3+ 61. Kb2 Rg3 62. Rf5 a3+ 63. Ka2 Ka4 64. Rf4+ b4 65. Rh4 Rd3 66. Rg4 Kb5 67. Rh4 Kc5 68. Rg4 Rd4 69. Rg2 Kc4 70. Rc2+ Kb5 71. Rc8 Rd2+ 72. Kb1 b3 73. Rb8+ Kc4 74. Rc8+ Kd3 75. Rd8+ Ke2 0-1